| LEADER 00000nam a2200000 a 4500 |
| 001 13399120534 |
| 003 BCNR |
| 008 070205s2555 th 000 0 tha d |
| 020 ^a9786162232084
|
| 060 04 ^aWA100^bข226ก 2555
|
| 245 10 ^aการออกแบบบริการสุขภาพในชุมชน/^cขนิษฐา นันทบุตร จงกลณี จันทรศิริ และพรรณิภา ไชยรัตน์.
|
| 250 ^aพิมพ์ครั้งที่ 1
|
| 260 ^aขอนแก่น :^bศูนย์วิจัยและพัฒนาระบบสุขภาพชุมชน(ศวช.),^c2555
|
| 300 ^a107 หน้า ;^c25 ซม.
|
| 650 4 ^aบริการอนามัยชนบท^zไทย
|
| 650 4 ^aบริการอนามัยชุมชน
|
| 650 4 ^aโรงพยาบาล^xบริการส่งเสริมสุขภาพ
|
| 650 4 ^aสุขภาพ^zไทย
|
| 650 4 ^aอนามัยชุมชน
|
| 650 4 ^aอนามัยชุมชน, การบริการ
|
| 700 0 ^aจงกลณี จันทรศิริ
|
| 700 0 ^aพรรณิภา ไชยรัตน์
|
| 710 2 ^aศูนย์วิจัยและพัฒนาระบบสุขภาพชุมชน คณะพยาบาลศาสตร์ มหาวิทยาลัยขอนแก่น (ศวช.)
|
| 710 2 ^aสำนักงานกองทุนสนับสนุนการสร้างเสริมสุขภาพ (สสส.)
|
| 710 2 ^aคณะพยาบาลศาสตร์ มหาวิทยาลัยขอนแก่น
|
| 999 ^aบรรณารักษ์
|